Fr. Conceicao Rodrigues College of Engineering

CRM Customer relationship Management at the speed of light (Record no. 18864)

MARC details
000 -LEADER
fixed length control field 00371nam a2200157Ia 4500
082 ## - DEWEY DECIMAL CLASSIFICATION NUMBER
Classification number 658.812/GRE
Item number GRE
100 ## - MAIN ENTRY--PERSONAL NAME
Personal name Greenberg/Paul
250 ## - EDITION STATEMENT
Edition statement 3
245 ## - TITLE STATEMENT
Title CRM Customer relationship Management at the speed of light
260 ## - PUBLICATION, DISTRIBUTION, ETC.
Name of publisher, distributor, etc. Tata Mc Graw hill Ltd.
Place of publication, distribution, etc. New Delhi
Date of publication, distribution, etc. 2004
366 ## - TRADE AVAILABILITY INFORMATION
Publishers's discount category 20
300 ## - PHYSICAL DESCRIPTION
Extent 670
546 ## - LANGUAGE NOTE
Language note ENGLISH
654 ## - SUBJECT ADDED ENTRY--FACETED TOPICAL TERMS
Focus term CRM
942 ## - ADDED ENTRY ELEMENTS (KOHA)
Koha item type BOOK
Holdings
Withdrawn status Lost status Damaged status Not for loan Collection Home library Current library Date acquired Source of acquisition Cost, normal purchase price Inventory number Total Checkouts Full call number Barcode Date last seen Cost, replacement price Price effective from Koha item type
        CRC Fr. Agnel's C.Rodrigues College of Engineering Fr. Agnel's C.Rodrigues College of Engineering 17/03/2023 Nandu Book House 455.00 1655 dt 19/01/2008   658.812/GRE GRE 18249 17/03/2023 475.00   BOOK